Revista de Psicología (Santiago)

Сохранить в:
Библиографические подробности
Формат: Электронный ресурс Журнал
Опубликовано: Universidad de Chile
Online-ссылка:Available in Fuente Académica Plus.
Метки: Добавить метку
Нет меток, Требуется 1-ая метка записи!

MARC

LEADER 00000nas a22000002 4500
001 ebs49726980e
003 EBZ
006 m d ||||||
007 cr|unu||||||||
008 241105| xx uu p o 0 0||| d
022 |a 0719-0581  |y 0716-8039 
035 |a (EBZ)ebs49726980e 
040 |a EBZ 
042 |a msc 
130 0 |a Revista de Psicología (Santiago : Online) 
222 1 0 |a Revista de Psicología (Santiago) 
245 0 0 |a Revista de Psicología (Santiago)  |h [electronic resource]. 
260 |b Universidad de Chile 
773 0 |t Fuente Académica Plus   |d EBSCO 
856 4 0 |3 Full text available: Jan 2010-.  |z Available in Fuente Académica Plus.  |u https://researchs.unach.elogim.com/direct.asp?db=fap&jid=1HEP&scope=site 
901 |a Academic Journal